Alexander Pope Bibliography - Statistics

General Stats
  • This quiz has been taken 10 times
  • The average score is 8 of 22
Answer Stats
Type Year Name % Correct
Poem 1711 An Essay on Criticism
100%
Poem 1733-1734 An Essay on Man
100%
Poem 1700 Ode on Solitude
100%
Poem 1728 The Dunciad
100%
Poem 1712 The Rape of the Lock
100%
Poem 1709 Pastorals
50%
Poem 1717 Eloisa to Abelard
25%
Poem 1735 Epistle to Dr. Arbuthnot
25%
Poem 1712 Messiah
25%
Poem 1713 Ode for Musick
25%
Essay 1727 Peri Bathous, Or the Art of Sinking in Poetry
25%
Poem 1717 The Court Ballad
25%
Poem 1715 The Temple of Fame: A Vision
25%
Play 1717 Three Hours After Marriage
25%
Poem 1713 Windsor Forest
25%
Poem 1731 An Epistle to the Right Honourable Richard Earl of Burlington
0%
Poem 1736 Bounce to Fop
0%
Poem 1717 Elegy to the Memory of an Unfortunate Lady
0%
Poem 1738 The First Epistle of the First Book of Horace
0%
Poem 1737 The First Ode of the Fourth Book of Horace
0%
Poem 1733 The Impertinent, of a Visit to the Court
0%
Writings Collection ???? The Works of Alexander Pope
0%
No matching quizzes found
Score Distribution
Percent of People with Each Score
Percentile by Number Answered
Your Score History
You have not taken this quiz